| 000 | 00459cam a2200205 4500 | ||
|---|---|---|---|
| 001 | D12283 | ||
| 008 | 090401t1956 xxu||||| |||| 00| 0 eng d | ||
| 035 | _a(Sirsi) u2476 | ||
| 041 | _aeng | ||
| 100 | _aBrownlow, G.S. | ||
| 245 | _aSite value of shops | ||
| 250 | _a2nd | ||
| 260 |
_aLondon _bEstates Gazette _c1956 |
||
| 300 | _avi,135p. ; 19cm. | ||
| 350 | _a0 | ||
| 520 | _aShelf 177 | ||
| 650 | _aSITE VALUE | ||
| 942 | _n0 | ||
| 948 | _c04/03/1997 | ||
| 999 |
_c85775 _d85775 |
||